| 000 | 02383cam a22005534a 4500 | ||
|---|---|---|---|
| 001 | muse84934 | ||
| 003 | MdBmJHUP | ||
| 005 | 20210127151701.0 | ||
| 006 | m o d | ||
| 007 | cr||||||||nn|n | ||
| 008 | 090731s1992 mx o 00 0 spa d | ||
| 020 | _a9786076289099 | ||
| 020 | _z9681204263 | ||
| 020 | _z9789681204266 | ||
| 035 | _a(OCoLC)1151842222 | ||
| 040 |
_aMdBmJHUP _cMdBmJHUP |
||
| 245 | 0 | 4 |
_aUna década de planeación urbano-regional en México, 1978-1988 _cGustavo Garza (comp.) |
| 250 | _a1. ed., 1. reimpr. | ||
| 264 | 1 | _bColegio, Centro de Estudios Demográficos y de Desarrollo | |
| 264 | 3 | _bProject MUSE, | |
| 300 |
_a1 online resource (482 Seiten) : _bDiagramme |
||
| 500 | _aLiteraturangaben | ||
| 505 | 0 | _apt. 1. Marco legal y planeación nacional del territorio -- pt. 2. Actividades sectoriales de política urbano-regional -- pt. 3. Planeación metropolitana: Ciudad de Mexico, Monterrey y Guadalajara -- pt. 4. Planeación regional: frontera norte, trópico húmedo, Jalisco y Sinaloa. | |
| 506 | 0 |
_aOpen Access _fUnrestricted online access _2star |
|
| 588 | _aDescription based on print version record. | ||
| 650 | 0 |
_aUrban policy _2fast _0(OCoLC)fst01162489 |
|
| 650 | 0 |
_aRegional planning _2fast _0(OCoLC)fst01093120 |
|
| 650 | 0 |
_aEconomic policy _2fast _0(OCoLC)fst00902025 |
|
| 650 | 0 |
_aCity planning _2fast _0(OCoLC)fst00862177 |
|
| 650 | 0 |
_aPlanificación regional _zMexico |
|
| 650 | 0 |
_aUrban policy _zMexico _vCongresses. |
|
| 650 | 0 |
_aRegional planning _zMexico _vCongresses. |
|
| 650 | 0 |
_aCity planning _zMexico _vCongresses. |
|
| 651 | 0 |
_aMexico _2fast _0(OCoLC)fst01211700 |
|
| 651 | 0 |
_aMexico _xEconomic policy _y1970-1994 _vCongresses. |
|
| 655 | 0 |
_aConference papers and proceedings _2fast _0(OCoLC)fst01423772 |
|
| 655 | 7 |
_aElectronic books. _2local |
|
| 700 | 1 |
_aGarza, Gustavo _d1945- |
|
| 710 | 2 | _aCentro de Estudios Demográficos y de Desarrollo Urbano | |
| 710 | 2 | _aColegio de Mexico | |
| 711 | 2 |
_aSeminario. Colegio de Mexico _d1988.05.11-13 _cMexico |
|
| 710 | 2 |
_aProject Muse. _edistributor |
|
| 830 | 0 | _aBook collections on Project MUSE. | |
| 856 | 4 | 0 |
_zFull text available: _uhttps://muse.jhu.edu/book/74837/ |
| 999 |
_c26652 _d26652 |
||